[Event "Olomouc Chess Summer 2016- A Valoz Cup"]
[Site "Olomouc"]
[Date "2016.08.14"]
[Round "3.1"]
[White "Camarena Gimenez, Rufino"]
[Black "Gurevich, Daniel"]
[Result "1/2-1/2"]
[WhiteElo "2403"]
[BlackElo "2461"]
[PlyCount "43"]
[EventDate "2016.08.13"]

1. d4 Nf6 2. c4 e6 3. Nf3 b6 4. a3 Bb7 5. Nc3 Ne4 6. Nxe4 Bxe4 7. e3 Be7 8. Bd3
Bxd3 9. Qxd3 d6 10. e4 Nd7 11. O-O O-O 12. b4 c6 13. Be3 Qc7 14. Rfd1 Rfd8 15.
d5 Ne5 16. Nxe5 dxe5 17. Rac1 Qb7 18. Qb3 exd5 19. cxd5 cxd5 20. Rxd5 Rxd5 21.
exd5 Rd8 22. Rd1 1/2-1/2

[Event "Olomouc Chess Summer 2016- A Valoz Cup"]
[Site "Olomouc"]
[Date "2016.08.14"]
[Round "3.2"]
[White "Gavrilov, Alexei"]
[Black "Yagupov, Igor"]
[Result "1-0"]
[WhiteElo "2456"]
[BlackElo "2405"]
[PlyCount "54"]
[EventDate "2016.08.13"]

1. d4 d5 2. c4 c6 3. Nc3 Nf6 4. e3 e6 5. Nf3 Nbd7 6. Qc2 Bd6 7. Bd3 O-O 8. O-O
dxc4 9. Bxc4 a6 10. a4 c5 11. Rd1 cxd4 12. exd4 Qc7 13. Bd3 b6 14. Qe2 Bb7 15.
h3 Bf4 16. Be3 Bxe3 17. fxe3 e5 18. Rac1 exd4 19. exd4 Rfe8 20. Qf2 Qd6 21. Bc4
Rac8 22. Ba2 Re7 23. Nd2 Qb4 24. Bb3 Rce8 25. Rf1 h6 26. Na2 Qa5 27. Nc4 Qg5
1-0

[Event "Olomouc Chess Summer 2016- A Valoz Cup"]
[Site "Olomouc"]
[Date "2016.08.14"]
[Round "3.3"]
[White "Plat, Vojtech"]
[Black "Svoboda, Svatopluk"]
[Result "1-0"]
[WhiteElo "2503"]
[BlackElo "2453"]
[PlyCount "105"]
[EventDate "2016.08.13"]

1. d4 Nf6 2. c4 g6 3. g3 Bg7 4. Bg2 c5 5. Nf3 O-O 6. O-O cxd4 7. Nxd4 Nc6 8.
Nc3 Qa5 9. Ncb5 a6 10. Nb3 Qa4 11. Nc7 Rb8 12. Nd5 Qxc4 13. Bf4 d6 14. Rc1 Qa4
15. Nxe7+ Nxe7 16. Qxd6 Nc6 17. Bxc6 bxc6 18. Qxb8 Bh3 19. Qb6 Bxf1 20. Rxf1
Nd5 21. Nc5 Qb5 22. Qxb5 axb5 23. Bc1 Re8 24. e3 Nb4 25. Bd2 Nxa2 26. Ra1 Ra8
27. Nd3 Ra4 28. Kf1 Nc3 29. Rc1 Ne4 30. Bb4 Bxb2 31. Rxc6 Ba3 32. Rc8+ Kg7 33.
Be1 Be7 34. Re8 Ra7 35. Nb4 Nd6 36. Rb8 Rb7 37. Ra8 Kf6 38. Ra6 Ke6 39. Nc6 Kd5
40. Nxe7+ Rxe7 41. Bb4 Re6 42. Rb6 h5 43. Ke2 Nf5 44. Rxb5+ Kc4 45. Rb7 Nd4+
46. Kf1 Nc6 47. Ba3 Ne5 48. Bb2 Nd3 49. Rc7+ Kd5 50. Bc3 f5 51. Rd7+ Rd6 52.
Rxd6+ Kxd6 53. Ke2 1-0

[Event "Olomouc Chess Summer 2016- A Valoz Cup"]
[Site "Olomouc"]
[Date "2016.08.14"]
[Round "3.4"]
[White "Roy, Prantik"]
[Black "Rasik, Vitezslav"]
[Result "1/2-1/2"]
[WhiteElo "2403"]
[BlackElo "2452"]
[PlyCount "102"]
[EventDate "2016.08.13"]

1. d4 d6 2. Nf3 g6 3. c4 Bg7 4. Nc3 Nf6 5. e4 O-O 6. h3 Na6 7. Be3 e5 8. dxe5
dxe5 9. Qxd8 Rxd8 10. Be2 c6 11. O-O Nh5 12. Rfd1 Re8 13. c5 Bf8 14. Bxa6 bxa6
15. Nd2 Be6 16. Na4 Rad8 17. b3 f5 18. Bg5 Rd4 19. exf5 gxf5 20. Nf3 Rd5 21.
Rxd5 Bxd5 22. Re1 Bxf3 23. gxf3 Kf7 24. Bc1 Nf6 25. Bb2 Nd7 26. b4 Rb8 27. Bc3
a5 28. a3 Re8 29. Nb2 e4 30. fxe4 Rxe4 31. Rd1 Nf6 32. f3 Rh4 33. Nd3 axb4 34.
axb4 Nd5 35. Be1 Rxh3 36. Ne5+ Ke6 37. Nxc6 Ne3 38. Rd8 Bh6 39. Bf2 Bf4 40.
Bxe3 Bxe3+ 41. Kg2 Rh6 42. Rd6+ Kf7 43. Rd7+ Ke6 44. Rxa7 Rg6+ 45. Kf1 f4 46.
Rxh7 Rg1+ 47. Ke2 Kd5 48. Na5 Kd4 49. c6 Rg2+ 50. Kd1 Kd3 51. Rd7+ Kc3 1/2-1/2

[Event "Olomouc Chess Summer 2016- A Valoz Cup"]
[Site "Olomouc"]
[Date "2016.08.14"]
[Round "3.5"]
[White "Neuman, Petr"]
[Black "Plischki, Sebastian"]
[Result "1/2-1/2"]
[WhiteElo "2454"]
[BlackElo "2384"]
[PlyCount "27"]
[EventDate "2016.08.13"]

1. d4 Nf6 2. c4 e6 3. Nc3 Bb4 4. Qc2 O-O 5. a3 Bxc3+ 6. Qxc3 b6 7. Bg5 h6 8.
Bh4 Ba6 9. e3 d6 10. Bd3 Nbd7 11. Ne2 c5 12. O-O Rc8 13. b3 cxd4 14. exd4
1/2-1/2

[Event "Olomouc Chess Summer 2016-B1 Prima Pack "]
[Site "Olomouc"]
[Date "2016.08.14"]
[Round "3.1"]
[White "Olsarova, Karolina"]
[Black "Pogan, Nikolas"]
[Result "0-1"]
[WhiteElo "2258"]
[BlackElo "2232"]
[PlyCount "118"]
[EventDate "2016.08.13"]

1. e4 d6 2. d4 Nf6 3. Nc3 e5 4. Nf3 Nbd7 5. Bc4 Be7 6. O-O c6 7. a4 h6 8. Re1
Qc7 9. b3 Nb6 10. Bf1 a5 11. Bb2 O-O 12. Qd2 Re8 13. Rad1 Bf8 14. h3 exd4 15.
Qxd4 Be6 16. Bc1 d5 17. exd5 Nbxd5 18. Nxd5 Nxd5 19. c4 c5 20. Qd2 Nb4 21. Qf4
Qxf4 22. Bxf4 Bf5 23. Rxe8 Rxe8 24. Re1 Rc8 25. g4 Bc2 26. Re3 g5 27. Be5 Re8
28. Nd2 Bg7 29. Bxg7 Rxe3 30. fxe3 Kxg7 31. Bg2 b6 32. Be4 Kf6 33. Bxc2 Nxc2
34. Kf2 Ke5 35. Ke2 f5 36. Nf3+ Kf6 37. Kd2 Nb4 38. Ke2 Nc6 39. Nd2 Ne5 40.
gxf5 Kxf5 41. Nf1 h5 42. Ng3+ Kg6 43. e4 Nc6 44. Kd3 Nd4 45. e5 h4 46. Ne4 Kf5
47. Ke3 Ne6 48. Nd6+ Kxe5 49. Nc8 Nf4 50. Nxb6 Nxh3 51. Nd7+ Kf5 52. Nxc5 g4
53. Nd3 Ng5 54. c5 g3 55. Nf4 Ne6 56. Nd3 g2 57. Kf2 h3 58. c6 Ke4 59. Nb2 Nf4
0-1

[Event "Olomouc Chess Summer 2016-B1 Prima Pack "]
[Site "Olomouc"]
[Date "2016.08.14"]
[Round "3.2"]
[White "Gusain, Himal"]
[Black "Hoefelsauer, Thomas"]
[Result "1-0"]
[WhiteElo "2453"]
[BlackElo "2342"]
[PlyCount "73"]
[EventDate "2016.08.13"]

1. e4 c6 2. d4 d5 3. e5 c5 4. dxc5 Nc6 5. a3 e6 6. Nf3 Bxc5 7. b4 Bb6 8. Bb2
Nge7 9. Bd3 Ng6 10. O-O O-O 11. Re1 f6 12. exf6 gxf6 13. c4 Nf4 14. Bf1 dxc4
15. Nbd2 Nd3 16. Bxd3 Qxd3 17. Rc1 e5 18. Rc3 Qd5 19. Qc1 Bf5 20. Nxc4 Bg6 21.
Nxb6 axb6 22. Nh4 Nd4 23. Rg3 Rac8 24. Qb1 f5 25. Bxd4 exd4 26. Nxg6 hxg6 27.
Rxg6+ Kf7 28. Rg3 Rg8 29. Qd1 Rxg3 30. hxg3 Kg6 31. g4 f4 32. Qd3+ Kg5 33. Qh3
Kg6 34. Re7 Rg8 35. Rh7 Kf6 36. Qh6+ Rg6 37. Qxf4+ 1-0

[Event "Olomouc Chess Summer 2016-B1 Prima Pack "]
[Site "Olomouc"]
[Date "2016.08.14"]
[Round "3.3"]
[White "Cerveny, Martin"]
[Black "Strebkovs, Andrejs"]
[Result "1/2-1/2"]
[WhiteElo "2380"]
[BlackElo "2285"]
[PlyCount "77"]
[EventDate "2016.08.13"]

1. d4 d5 2. c4 c6 3. Nf3 Nf6 4. e3 Bg4 5. cxd5 Bxf3 6. Qxf3 cxd5 7. Nc3 Nc6 8.
Bd3 e6 9. Bd2 Be7 10. Rc1 O-O 11. Qe2 Rc8 12. O-O Qd7 13. f4 Na5 14. Be1 Nc4
15. g4 Nd6 16. Bh4 Nfe4 17. Bxe7 Nxc3 18. Rxc3 Qxe7 19. Rfc1 g6 20. a4 Rxc3 21.
Rxc3 Rc8 22. Rxc8+ Nxc8 23. Qc2 Qd8 24. g5 Ne7 25. Kf2 Qb6 26. Qc3 Nc6 27. Bb5
Ne7 28. Qc5 Nf5 29. b4 Qd6 30. Bd3 b6 31. Qc8+ Qf8 32. Qc3 h6 33. Bxf5 exf5 34.
h4 hxg5 35. hxg5 Qe8 36. Qc2 Qe7 37. Qc3 Qe4 38. a5 Qh1 39. Qc7 1/2-1/2

[Event "Olomouc Chess Summer 2016-B1 Prima Pack "]
[Site "Olomouc"]
[Date "2016.08.14"]
[Round "3.4"]
[White "Mirzoeva, Elmira"]
[Black "Kulkarni, Bhakti"]
[Result "1-0"]
[WhiteElo "2278"]
[BlackElo "2363"]
[PlyCount "59"]
[EventDate "2016.08.13"]

1. d4 d5 2. c4 Nc6 3. cxd5 Qxd5 4. e3 e5 5. Nc3 Bb4 6. a3 Bxc3+ 7. bxc3 Nf6 8.
c4 Qd6 9. d5 Ne7 10. a4 Nd7 11. Ba3 Nc5 12. Ne2 Qa6 13. Qd2 Ne4 14. Qb4 Qf6 15.
f3 Nd6 16. e4 O-O 17. c5 Ne8 18. Qd2 Ng6 19. Nc3 Qd8 20. Bc4 Nf6 21. c6 Re8 22.
Bb5 Rb8 23. cxb7 Bxb7 24. Bxe8 Nxe8 25. O-O Nd6 26. Bxd6 cxd6 27. Rab1 Ba6 28.
Rxb8 Qxb8 29. Rb1 Qc7 30. g3 1-0

[Event "Olomouc Chess Summer 2016-B2 Proclient C"]
[Site "Olomouc"]
[Date "2016.08.14"]
[Round "3.1"]
[White "Pavlov, Sergey"]
[Black "Chkhaidze, Nikoloz"]
[Result "1/2-1/2"]
[WhiteElo "2473"]
[BlackElo "2261"]
[PlyCount "104"]
[EventDate "2016.08.13"]

1. Nf3 Nf6 2. g3 d5 3. Bg2 c6 4. O-O Bf5 5. d3 e6 6. c4 h6 7. Qb3 Qb6 8. Nc3
Nbd7 9. cxd5 Qxb3 10. axb3 exd5 11. e4 Be6 12. Nd4 Bc5 13. Be3 O-O 14. Nxe6
fxe6 15. d4 Bb6 16. e5 Ng4 17. Bh3 h5 18. Na4 Kf7 19. Nxb6 axb6 20. Bd2 c5 21.
f3 Nh6 22. Bc3 Ke7 23. Rxa8 Rxa8 24. g4 Rf8 25. gxh5 Rf4 26. Kf2 Nf5 27. Rg1
Kf7 28. Rg6 Nf8 29. Rg4 Rxg4 30. fxg4 Nxd4 31. g5 g6 32. Bxd4 cxd4 33. Bg4 Nd7
34. hxg6+ Kxg6 35. Bxe6 Nxe5 36. h4 Kh5 37. Bf5 d3 38. g6 Nxg6 39. Bxg6+ Kxg6
40. Ke3 Kh5 41. Kxd3 Kxh4 42. Kd4 Kg3 43. Kxd5 Kf3 44. Kd6 Ke4 45. Kc7 Kd4 46.
Kxb6 Kd5 47. b4 Kd4 48. b5 Kc4 49. Ka5 Kb3 50. Kb6 Kc4 51. Ka5 Kb3 52. b6 Kc4
1/2-1/2

[Event "Olomouc Chess Summer 2016-B2 Proclient C"]
[Site "Olomouc"]
[Date "2016.08.14"]
[Round "3.2"]
[White "Malek, Daniel"]
[Black "Klima, Lukas"]
[Result "0-1"]
[WhiteElo "2430"]
[BlackElo "2322"]
[PlyCount "92"]
[EventDate "2016.08.13"]

1. d4 Nf6 2. Bg5 e6 3. e4 h6 4. Bxf6 Qxf6 5. c3 Qd8 6. Bd3 d6 7. Ne2 Be7 8. O-O
O-O 9. Nd2 Nd7 10. f4 e5 11. Nf3 Bf6 12. Qd2 c5 13. dxe5 dxe5 14. f5 Bg5 15.
Nxg5 Qxg5 16. Qxg5 hxg5 17. g4 Nf6 18. h3 Bd7 19. Kf2 Bc6 20. Ke3 Rfd8 21. Rad1
Rd6 22. Bc2 Rad8 23. Rxd6 Rxd6 24. Ng1 Bb5 25. Rf2 Nd7 26. Nf3 f6 27. h4 gxh4
28. Nxh4 Bc4 29. b3 Bf7 30. Bd3 a6 31. Nf3 b5 32. g5 fxg5 33. Nxg5 Kf8 34. Rh2
Rh6 35. Rd2 Rh5 36. Bxb5 axb5 37. Rxd7 Rxg5 38. Rc7 Rg3+ 39. Kd2 c4 40. Rc5
Rg2+ 41. Ke3 Rxa2 42. bxc4 bxc4 43. Rxe5 Rc2 44. Kd4 Rd2+ 45. Kc5 Rd3 46. Kb4
Re3 0-1

[Event "Olomouc Chess Summer 2016-B2 Proclient C"]
[Site "Olomouc"]
[Date "2016.08.14"]
[Round "3.3"]
[White "Nitish, Belurkar"]
[Black "Biolek, Richard"]
[Result "1/2-1/2"]
[WhiteElo "2269"]
[BlackElo "2466"]
[PlyCount "63"]
[EventDate "2016.08.13"]

1. e4 e5 2. Bc4 Nf6 3. d3 c6 4. Nf3 d5 5. Bb3 Bd6 6. Nc3 d4 7. Ne2 c5 8. O-O
Nc6 9. Ng3 O-O 10. a3 Be6 11. Ba2 Bxa2 12. Rxa2 g6 13. Bg5 Be7 14. Ra1 Nd7 15.
Bh6 Re8 16. Qe2 Nf8 17. h3 Ne6 18. Qd2 Bf8 19. Ne2 f5 20. exf5 gxf5 21. Ng3 Qf6
22. Bg5 Qg6 23. h4 h6 24. h5 Qh7 25. Bf6 e4 26. dxe4 fxe4 27. Ne5 Nxe5 28. Bxe5
Bg7 29. Bxg7 Nxg7 30. Rae1 Re6 31. Qe2 Kh8 32. Nxe4 1/2-1/2

[Event "Olomouc Chess Summer 2016-B2 Proclient C"]
[Site "Olomouc"]
[Date "2016.08.14"]
[Round "3.4"]
[White "Lkhamsuren, Uuganbayar"]
[Black "Havlikova, Kristyna"]
[Result "0-1"]
[WhiteElo "2123"]
[BlackElo "2282"]
[PlyCount "105"]
[EventDate "2016.08.13"]

1. d4 Nf6 2. c4 g6 3. Nc3 d5 4. Nf3 Bg7 5. Bf4 O-O 6. e3 c5 7. dxc5 Ne4 8. Be5
Nxc3 9. bxc3 dxc4 10. Bxc4 Nc6 11. Qxd8 Rxd8 12. Bxg7 Kxg7 13. Nd4 Bd7 14. Rb1
Na5 15. Bb5 e5 16. Nf3 Bf5 17. Rb4 Rac8 18. Ra4 Bc2 19. Rxa5 Rd1+ 20. Ke2 Rxh1
21. Rxa7 Rxc5 22. Rxb7 Be4 23. Rb8 Rxc3 24. Ba4 Ra3 25. Bb3 Rb1 26. Re8 Rb2+
27. Nd2 Bc2 28. Rxe5 Bxb3 29. axb3 Raxb3 30. Rd5 Rc3 31. e4 Kf6 32. h4 h5 33.
g3 Ke6 34. Rd4 Ra3 35. Rd8 Ra4 36. Ke3 Rc2 37. Rd3 Ra1 38. Ke2 Raa2 39. Ke3 Ra1
40. Ke2 Ra5 41. Ke3 Raa2 42. Rd4 Ra3+ 43. Ke2 Raa2 44. Ke3 Rc3+ 45. Ke2 Rc6 46.
Ke3 Rd6 47. Rxd6+ Kxd6 48. Nc4+ Ke6 49. f4 Rg2 50. Kf3 Rc2 51. Ne3 Rd2 52. f5+
gxf5 53. exf5+ 0-1

[Event "Olomouc Chess Summer 2016-B2 Proclient C"]
[Site "Olomouc"]
[Date "2016.08.14"]
[Round "3.5"]
[White "Tymrakiewicz, Rafal"]
[Black "Mager, Denis"]
[Result "1/2-1/2"]
[WhiteElo "2274"]
[BlackElo "2246"]
[PlyCount "88"]
[EventDate "2016.08.13"]

1. d4 d5 2. Bf4 Nf6 3. e3 c5 4. c3 Nc6 5. Nd2 e6 6. Ngf3 Bd6 7. Bg3 Qe7 8. Ne5
Nd7 9. Qa4 Ndxe5 10. dxe5 Bc7 11. Nf3 O-O 12. Qg4 Kh8 13. Qh5 f5 14. Bf4 Qe8
15. Qh4 Qg6 16. Qg3 Qxg3 17. Bxg3 a6 18. h4 b5 19. O-O-O h5 20. Be2 g6 21. Bf4
Bd7 22. Rd2 c4 23. Bh6 Rfb8 24. Bg5 Bd8 25. Bxd8 Rxd8 26. Ng5 Kg7 27. f4 Rab8
28. Rhd1 Rb7 29. Kc2 Kf8 30. Nf3 b4 31. Ra1 Rdb8 32. Kc1 Ke7 33. Bd1 Na7 34.
Nd4 bxc3 35. bxc3 Nb5 36. Nxb5 axb5 37. Rb2 Ra7 38. a3 Rba8 39. Rba2 Kd8 40.
Kb2 Kc7 41. Be2 Bc6 42. Bd1 Bd7 43. Be2 Bc6 44. Bd1 Bd7 1/2-1/2

[Event "Olomouc Chess Summer 2016-Open Olomouc"]
[Site "Olomouc"]
[Date "2016.08.14"]
[Round "3.1"]
[White "Gantsooj, Ganzorig"]
[Black "Thakur, Akash"]
[Result "1-0"]
[WhiteElo "2164"]
[BlackElo "2316"]
[PlyCount "57"]
[EventDate "2016.08.13"]

1. e4 e5 2. Nf3 Nc6 3. Bb5 a6 4. Ba4 Nf6 5. O-O Be7 6. Re1 b5 7. Bb3 d6 8. c3
O-O 9. h3 Na5 10. Bc2 c5 11. d4 cxd4 12. cxd4 Qc7 13. Nbd2 Nc6 14. d5 Nb4 15.
Bb1 a5 16. Nf1 Bd7 17. a3 Na6 18. Be3 Rfc8 19. Bd3 Qb7 20. Rc1 Rxc1 21. Qxc1
Rc8 22. Qd2 a4 23. Ng3 Bd8 24. Nh4 Nc5 25. Nhf5 Qc7 26. Rf1 Ne8 27. Be2 h6 28.
f4 exf4 29. Rxf4 1-0

[Event "Olomouc Chess Summer 2016-Open Olomouc"]
[Site "Olomouc"]
[Date "2016.08.14"]
[Round "3.2"]
[White "Ulanowski, Karol"]
[Black "Chudinovskikh, Alexander M"]
[Result "1/2-1/2"]
[WhiteElo "2133"]
[BlackElo "2258"]
[PlyCount "40"]
[EventDate "2016.08.13"]

1. e4 e5 2. Nf3 Nc6 3. Bc4 Nf6 4. d4 exd4 5. e5 Ng4 6. Qe2 Qe7 7. Bf4 f6 8.
exf6 gxf6 9. Nbd2 Qxe2+ 10. Bxe2 d5 11. O-O Bf5 12. Bxc7 Bxc2 13. Bb5 Bc5 14.
h3 Rc8 15. Bf4 Nge5 16. Bxe5 fxe5 17. Rac1 d3 18. Nxe5 O-O 19. Nxd3 Bxd3 20.
Bxd3 Bb4 1/2-1/2

[Event "Olomouc Chess Summer 2016-Open Olomouc"]
[Site "Olomouc"]
[Date "2016.08.14"]
[Round "3.3"]
[White "Kula, Dominik"]
[Black "Bombek, Peter"]
[Result "1-0"]
[WhiteElo "2132"]
[BlackElo "2212"]
[PlyCount "77"]
[EventDate "2016.08.13"]

1. f4 d5 2. Nf3 c5 3. g3 Nc6 4. Bg2 g6 5. O-O Bg7 6. d3 Nh6 7. e4 dxe4 8. dxe4
Bg4 9. c3 Qxd1 10. Rxd1 Rd8 11. Rxd8+ Kxd8 12. Be3 b6 13. Na3 a6 14. h3 Bc8 15.
Nc4 Kc7 16. a4 Be6 17. Bf1 a5 18. g4 f6 19. f5 gxf5 20. gxf5 Bc8 21. b4 axb4
22. cxb4 Nxb4 23. a5 Nc2 24. axb6+ Kc6 25. Rb1 Nxe3 26. Nxe3 e6 27. Bc4 Kb7 28.
fxe6 f5 29. exf5 Bd4 30. Nxd4 cxd4 31. Ng4 Nxf5 32. Bd5+ Kb8 33. b7 Rd8 34.
bxc8=Q+ Kxc8 35. Be4 Ng7 36. e7 Re8 37. Rc1+ Kb8 38. Ne5 Rc8 39. Nd7+ 1-0

[Event "Olomouc Chess Summer 2016-Open Olomouc"]
[Site "Olomouc"]
[Date "2016.08.14"]
[Round "3.4"]
[White "Ilandzis, Spyridon"]
[Black "Olson, Hamish"]
[Result "1-0"]
[WhiteElo "2211"]
[BlackElo "2068"]
[PlyCount "49"]
[EventDate "2016.08.13"]

1. d4 d5 2. c4 e6 3. Nc3 Nf6 4. Bg5 Be7 5. Nf3 O-O 6. e3 h6 7. Bxf6 Bxf6 8. Rc1
g6 9. Bd3 Bg7 10. O-O Nc6 11. Qe2 dxc4 12. Bxc4 e5 13. dxe5 Bg4 14. Rfd1 Qc8
15. Nd5 Qf5 16. Bb5 Bxf3 17. gxf3 Qxe5 18. Bxc6 bxc6 19. Rxc6 Qg5+ 20. Kh1 Qh5
21. Nf4 Qa5 22. Qc4 Rad8 23. Rxd8 Qe1+ 24. Kg2 Rxd8 25. Rxc7 1-0

[Event "Olomouc Chess Summer 2016-Open Olomouc"]
[Site "Olomouc"]
[Date "2016.08.14"]
[Round "3.5"]
[White "Nishant, Malhotra"]
[Black "Burnett, Andrew"]
[Result "1/2-1/2"]
[WhiteElo "2060"]
[BlackElo "2174"]
[PlyCount "81"]
[EventDate "2016.08.13"]

1. d4 Nf6 2. c4 e6 3. g3 c5 4. d5 exd5 5. cxd5 d6 6. Bg2 g6 7. Nc3 Bg7 8. Nf3
O-O 9. O-O Re8 10. Nd2 a6 11. a4 Nbd7 12. Nc4 Ne5 13. Nxe5 Rxe5 14. Bf4 Re8 15.
e4 Nh5 16. Be3 b6 17. Re1 Rb8 18. Bf3 b5 19. axb5 axb5 20. Qc2 b4 21. Ne2 Nf6
22. Nc1 Qb6 23. Nb3 Nd7 24. Na5 Ne5 25. Be2 Bg4 26. Bxg4 Nxg4 27. Nc4 Nxe3 28.
Rxe3 Qc7 29. Ra6 Rbd8 30. Qa4 Bd4 31. Nxd6 Re7 32. Nb5 Qe5 33. Nxd4 cxd4 34.
Re1 Rxd5 35. f4 Qc7 36. Qxb4 Rd8 37. Raa1 d3 38. Rad1 Qa7+ 39. Kg2 Rb7 40. Qc3
Qb6 41. Rxd3 1/2-1/2

[Event "Olomouc Chess Summer 2016-Open Olomouc"]
[Site "Olomouc"]
[Date "2016.08.14"]
[Round "3.6"]
[White "Kulkarni, Vinayak"]
[Black "Kalinowska, Zuzanna"]
[Result "1/2-1/2"]
[WhiteElo "2168"]
[BlackElo "1910"]
[PlyCount "90"]
[EventDate "2016.08.13"]

1. d4 Nf6 2. c4 e6 3. Nc3 Bb4 4. e3 c5 5. Nge2 O-O 6. a3 Bxc3+ 7. Nxc3 cxd4 8.
exd4 d5 9. cxd5 Nxd5 10. Be2 Nc6 11. O-O b6 12. Bf3 Nxc3 13. bxc3 Bb7 14. c4
Rc8 15. Bb2 Qg5 16. Re1 Rfd8 17. Re3 Qf6 18. Rb1 e5 19. Bxc6 Qxc6 20. Rg3 Qxc4
21. Qd2 Qc2 22. Qxc2 Rxc2 23. h3 exd4 24. Rd3 Rc4 25. Rbd1 h6 26. Rxd4 Rcxd4
27. Rxd4 Rxd4 28. Bxd4 f6 29. Kf1 Kf7 30. g3 Ke6 31. Ke2 Kd5 32. Kd3 Bc8 33. h4
Be6 34. Be3 Bf5+ 35. Kc3 Bd7 36. Kd3 Bb5+ 37. Kc3 Be2 38. Kd2 Bc4 39. Kc3 Bf1
40. Kb3 Ke4 41. Kc3 g5 42. Bd4 f5 43. hxg5 hxg5 44. Bf6 g4 45. Bg5 Kf3 1/2-1/2

[Event "Olomouc Chess Summer 2016-Open Olomouc"]
[Site "Olomouc"]
[Date "2016.08.14"]
[Round "3.7"]
[White "Krejci, Jan"]
[Black "Navratil, Jiri"]
[Result "1-0"]
[WhiteElo "2496"]
[BlackElo "2056"]
[PlyCount "55"]
[EventDate "2016.08.13"]

1. e4 c5 2. Nf3 d6 3. d4 cxd4 4. Nxd4 Nf6 5. Nc3 a6 6. Be3 Ng4 7. Bg5 h6 8. Bh4
g5 9. Bg3 Bg7 10. Be2 Ne5 11. Nf5 Bxf5 12. exf5 Nbc6 13. Nd5 Nd7 14. c3 Nf6 15.
Bf3 Rc8 16. h4 Qa5 17. Qd2 Nxd5 18. Bxd5 Rc7 19. hxg5 hxg5 20. Rxh8+ Bxh8 21.
Rd1 Bf6 22. Qe2 Qc5 23. Qh5 Nd8 24. Qh7 Qb5 25. Bxf7+ Kd7 26. Be6+ Kc6 27. Bb3
Be5 28. Rd5 1-0

[Event "Olomouc Chess Summer 2016-Open Olomouc"]
[Site "Olomouc"]
[Date "2016.08.14"]
[Round "3.8"]
[White "Mitrandzas, Athanasios"]
[Black "Jedynak, Radoslaw"]
[Result "1-0"]
[WhiteElo "2119"]
[BlackElo "2396"]
[PlyCount "61"]
[EventDate "2016.08.13"]

1. c4 g6 2. g3 Bg7 3. Bg2 Nf6 4. Nc3 O-O 5. e4 d6 6. Nge2 Nc6 7. d3 e5 8. O-O
a6 9. Nd5 Nd4 10. Nxd4 exd4 11. Bg5 Be6 12. Nxf6+ Bxf6 13. Bxf6 Qxf6 14. f4
Rfe8 15. Qd2 Rab8 16. Rf2 Bd7 17. Raf1 Bc6 18. g4 Qg7 19. g5 h6 20. f5 hxg5 21.
fxg6 fxg6 22. Qxg5 Re7 23. Rf6 Be8 24. Bh3 Bf7 25. Rxf7 Rxf7 26. Be6 Rbf8 27.
Qe7 c5 28. Qxd6 b6 29. Qf4 g5 30. Bxf7+ Rxf7 31. Qxf7+ 1-0

[Event "Olomouc Chess Summer 2016-Open Olomouc"]
[Site "Olomouc"]
[Date "2016.08.14"]
[Round "3.9"]
[White "Kvisvik, Brede"]
[Black "Svancara, Petr"]
[Result "1-0"]
[WhiteElo "2330"]
[BlackElo "2047"]
[PlyCount "215"]
[EventDate "2016.08.13"]

1. d4 Nf6 2. c4 e6 3. g3 Bb4+ 4. Bd2 a5 5. Bg2 d5 6. Nf3 O-O 7. O-O c6 8. Qc2
Nbd7 9. Bf4 Be7 10. Rd1 Nh5 11. Nbd2 Nxf4 12. gxf4 Nf6 13. e3 Bd7 14. Ne5 Ne8
15. Rac1 f6 16. Nd3 Nd6 17. Nc5 Bc8 18. Bh3 f5 19. Nd3 Qe8 20. Ne5 Qh5 21. Bg2
Ne4 22. Nf1 Bd6 23. c5 Bc7 24. f3 Nf6 25. Ng3 Qh6 26. a3 Nd7 27. Nd3 g5 28.
fxg5 Qxg5 29. f4 Qh4 30. Ne1 Nf6 31. Nf3 Qh6 32. b4 axb4 33. axb4 Bd7 34. Ra1
Ng4 35. Nf1 Kh8 36. Ne5 Nxe5 37. dxe5 Rg8 38. Ng3 Bxe5 39. Rxa8 Rxa8 40. fxe5
Qxe3+ 41. Qf2 Qxe5 42. Nh5 Be8 43. Nf4 Ra1 44. Rf1 Qf6 45. Rxa1 Qxa1+ 46. Bf1
Qf6 47. Bh3 Bg6 48. Ng2 Qa1+ 49. Qe1 Qxe1+ 50. Nxe1 Kg7 51. Bf1 Kf6 52. b5 cxb5
53. Bxb5 e5 54. Bd7 f4 55. Bc8 e4 56. Bxb7 Ke5 57. c6 Kd6 58. c7 Kxc7 59. Bxd5
Kd6 60. Bb7 Ke5 61. Kf2 Bh5 62. Nc2 e3+ 63. Kg2 Bd1 64. Ne1 Kd4 65. Bf3 Bb3 66.
Kg1 Bc4 67. Ng2 Ke5 68. Nh4 Be6 69. Kf1 Bh3+ 70. Ke2 Kf6 71. Be4 Kg5 72. Nf3+
Kf6 73. Kd3 Bg4 74. Ng1 h6 75. Bf3 Bf5+ 76. Kd4 Bc8 77. Ke4 Kg5 78. Ke5 Bg4 79.
Ke4 Bf5+ 80. Kd4 Bc8 81. Be2 Bf5 82. Nf3+ Kf6 83. Ne5 Bb1 84. h4 Bf5 85. Bh5
Bb1 86. Nd7+ Ke7 87. Nb6 Ba2 88. Ke5 Bb3 89. Nc8+ Kf8 90. Kxf4 Be6 91. Nd6 Ke7
92. Ne4 Bd5 93. Nc3 Bb3 94. Kxe3 Kf6 95. Kf4 Kg7 96. Ke5 Bc2 97. Ne2 Bb1 98.
Nd4 Bd3 99. Ne6+ Kh8 100. Kf6 Bc4 101. Nf4 Kh7 102. Bg6+ Kh8 103. Bf7 Bb5 104.
Kg6 Ba4 105. Kxh6 Bc2 106. Bg6 Bb3 107. Be4 Bf7 108. Bc6 1-0

[Event "Olomouc Chess Summer 2016-Open Olomouc"]
[Site "Olomouc"]
[Date "2016.08.14"]
[Round "3.10"]
[White "Al Argha, Hisham"]
[Black "Zdrazil, Tomas"]
[Result "1/2-1/2"]
[WhiteElo "2309"]
[BlackElo "2036"]
[PlyCount "70"]
[EventDate "2016.08.13"]

1. e4 c5 2. c3 d5 3. exd5 Qxd5 4. d4 Nf6 5. Nf3 Bg4 6. Be2 e6 7. Na3 Nc6 8. Nc2
cxd4 9. Ncxd4 Nxd4 10. Qxd4 Qxd4 11. Nxd4 Bxe2 12. Kxe2 Bc5 13. Rd1 O-O-O 14.
Bg5 Bxd4 15. cxd4 Rd7 16. Rac1+ Rc7 17. Rxc7+ Kxc7 18. Bxf6 gxf6 19. d5 e5 20.
g4 h5 21. h3 hxg4 22. hxg4 Rh4 23. Kf3 f5 24. gxf5 Rf4+ 25. Ke3 Rxf5 26. f3 Kd6
27. Rd3 Rf4 28. Ra3 Rb4 29. Rxa7 Rxb2 30. Ra5 Rb4 31. a3 Rb3+ 32. Ke4 f5+ 33.
Kxf5 Rxf3+ 34. Ke4 Rf4+ 35. Ke3 Rd4 1/2-1/2

[Event "Olomouc Chess Summer 2016-Open seniorù"]
[Site "Olomouc"]
[Date "2016.08.14"]
[Round "3.1"]
[White "Heppell, Ian N"]
[Black "Castellano, Alfonso"]
[Result "1/2-1/2"]
[WhiteElo "2066"]
[BlackElo "1949"]
[PlyCount "67"]
[EventDate "2016.08.13"]

1. e4 c5 2. Nf3 d6 3. Bb5+ Bd7 4. Bxd7+ Qxd7 5. O-O Nc6 6. c3 Nf6 7. d4 Nxe4 8.
d5 Ne5 9. Nxe5 dxe5 10. Re1 Nf6 11. Rxe5 e6 12. c4 O-O-O 13. Nc3 Bd6 14. Re1
exd5 15. cxd5 Bc7 16. Bg5 Qf5 17. Bxf6 gxf6 18. Qa4 a6 19. Qe4 Qg5 20. Rad1
Rhe8 21. Qf3 Qd2 22. Rxe8 Rxe8 23. g3 Re1+ 24. Rxe1 Qxe1+ 25. Kg2 Qe5 26. Qg4+
Kd8 27. Qg8+ Ke7 28. Qxh7 b5 29. Qe4 Kd6 30. Qf3 f5 31. h4 b4 32. Ne2 Qxb2 33.
h5 Bd8 34. Qd3 1/2-1/2

[Event "Olomouc Chess Summer 2016-Open seniorù"]
[Site "Olomouc"]
[Date "2016.08.14"]
[Round "3.2"]
[White "Vagovsky, Jozef"]
[Black "Vorobyov, Yrij"]
[Result "0-1"]
[WhiteElo "1883"]
[BlackElo "2160"]
[PlyCount "100"]
[EventDate "2016.08.13"]

1. d4 Nf6 2. Nf3 c5 3. dxc5 Na6 4. Be3 e6 5. Nbd2 Nxc5 6. g3 d5 7. Bg2 b5 8.
O-O Bd6 9. Bd4 O-O 10. Ne5 Bb7 11. Nd3 Nce4 12. Nf3 Nd7 13. Nfe5 Nb6 14. f3 Nf6
15. Kh1 Rc8 16. c3 Qc7 17. e3 Rfd8 18. Qe1 Ne8 19. e4 f6 20. Ng4 e5 21. Bxb6
Qxb6 22. exd5 Bxd5 23. Ne3 Be6 24. f4 Bc5 25. Nxc5 Rxc5 26. Nc2 Nd6 27. Rd1
Bxa2 28. Nb4 Bc4 29. Rf2 Nf7 30. Rxd8+ Qxd8 31. Rd2 Qe7 32. Qe3 Rc7 33. Nd5
Bxd5 34. Bxd5 exf4 35. Qxf4 g6 36. Qd4 Kg7 37. b3 Qc5 38. c4 Qxd4 39. Rxd4 bxc4
40. Rxc4 Rxc4 41. Bxc4 Ne5 42. Be2 f5 43. Kg1 Nc6 44. Kf2 Kf6 45. Ke3 Ke5 46.
Bd3 h6 47. Bf1 Nb4 48. Bc4 Nd5+ 49. Kf3 Kd4 50. Ke2 a5 {Bily prekorcil cas/
White lose on time} 0-1